000 00545nam a22001937a 4500
005 20251108170929.0
008 250721s1984 xx 000 0 ara d
082 1 4 _aط/535.01/كاي
100 1 _aكاي، ر . مالك
245 1 0 _aالليزر /
264 1 _aبيروت :
_bدار المفيد،
_c1984.
300 _a28ص.
490 0 _aالثورة الإلكترونية
650 1 7 _aأشعة الليزر
650 1 7 _aالضوء
653 _aنااشئون صغار ( 10 - 14 سنة )
942 _2ddc
_cBK
999 _c52396
_d52396